| 000 | 01266nam a2200337Ia 4500 | ||
|---|---|---|---|
| 001 | ebr10171493 | ||
| 003 | CaPaEBR | ||
| 006 | m u | ||
| 007 | cr cn||||||||| | ||
| 008 | 060829s2007 nyu sb 001 0 eng d | ||
| 010 | _z 2006049260 | ||
| 020 | _z0230603424 | ||
| 020 | _z1403975590 (alk. paper) | ||
| 020 | _z9781403975591 (alk. paper) | ||
| 040 |
_aCaPaEBR _cCaPaEBR |
||
| 035 | _a(OCoLC)244656036 | ||
| 050 | 1 | 4 |
_aPN57.F3 _bH34 2007eb |
| 082 | 0 | 4 |
_a809/.93351 _222 |
| 100 | 1 |
_aHawkes, David, _d1964- |
|
| 245 | 1 | 4 |
_aThe Faust myth _h[electronic resource] : _breligion and the rise of representation / _cDavid Hawkes. |
| 250 | _a1st ed. | ||
| 260 |
_aNew York : _bPalgrave Macmillan, _c2007. |
||
| 300 | _a247 p. | ||
| 504 | _aIncludes bibliographical references and index. | ||
| 533 |
_aElectronic reproduction. _bPalo Alto, Calif. : _cebrary, _d2009. _nAvailable via World Wide Web. _nAccess may be limited to ebrary affiliated libraries. |
||
| 600 | 1 | 0 |
_aFaust, _dd. ca. 1540 _xIn literature. |
| 650 | 0 | _aReligion and literature. | |
| 655 | 7 |
_aElectronic books. _2local |
|
| 710 | 2 | _aebrary, Inc. | |
| 856 | 4 | 0 |
_uhttp://site.ebrary.com/lib/rucke/Doc?id=10171493 _zAn electronic book accessible through the World Wide Web; click to view |
| 999 |
_c248722 _d248722 |
||